000 01052nas a2200325 4500
001 BR2019001423
003 BR-BrBNA
005 20231205131919.0
007 ta
008 230509b bl.|||p| |||| 00| 00por d
040 _aBR-BrBNA
_bpor
_cBiblioteca Nacional de Agricultura
041 _a(Pt)
072 _aF04; F61
100 1 _aMagalhães, I. de P.B.
100 1 _aSediyama, M.A.N.
100 1 _aSilva, F.D.B. da
100 1 _aVidigal, S.M.
100 1 _aPinto, C.L.O.
100 1 _aLopes, I.P.C.
245 1 _aProdutividade e exportação de nutrientes em feijão-vagem adubado com esterco de galinha
650 _aFEIJÃO TREPADOR
650 _aADUBO ORGÂNICO
650 _aABSORÇÃO DE NUTRIENTES
650 _aFERTILIDADE DO SOLO
650 _aPRODUTIVIDADE
773 0 _tRevista Ceres (Brazil)
_xISSN 2177-3491
_g(Jan-Feb 2017), v. 64(1) p. 98-107
_wBR2019001423
856 4 0 _uhttp://www.scielo.br/pdf/rceres/v64n1/2177-3491-rceres-64-01-00098.pdf
909 _a202311
_bLúcia
_c55
_dLúcia Elande
942 _2AGRIS
_n0
_cANA
999 _c257448
_d257448